ბათუმის შოთა რუსთაველის სახელმწიფო უნივერსიტეტის ბიბლიოთეკა

ხე–ლითონის უირიბნო სამკუთხა წამწის გაანგარიშება და კონსტრუირება: სამშენებლო კონსტრუქციები;წამწის გაანგარიშება (ბიბ.ჩანაწერი № 43778)

000 -LEADER
fixed length control field 01335nam a2200253Ia 4500
001 - CONTROL NUMBER
control field 10523
003 - CONTROL NUMBER IDENTIFIER
control field GE_BSU
008 - FIXED-LENGTH DATA ELEMENTS--GENERAL INFORMATION
fixed length control field 181216s||||||||xx |||||||||||||| ||und||
020 ## - INTERNATIONAL STANDARD BOOK NUMBER
International Standard Book Number 9789941203077
040 ## - CATALOGING SOURCE
Transcribing agency GE_BSU
080 ## - UNIVERSAL DECIMAL CLASSIFICATION NUMBER
Universal Decimal Classification number 624.072.32
100 ## - MAIN ENTRY--PERSONAL NAME
Personal name ხმელიძე,თ. გ. გურეშიძე, მ. მოდებაძე [და სხვ.]
245 ## - TITLE STATEMENT
Title ხე–ლითონის უირიბნო სამკუთხა წამწის გაანგარიშება და კონსტრუირება: სამშენებლო კონსტრუქციები;წამწის გაანგარიშება
260 ## - PUBLICATION, DISTRIBUTION, ETC.
Place of publication, distribution, etc. თბილისი
260 ## - PUBLICATION, DISTRIBUTION, ETC.
Name of publisher, distributor, etc. ტექნიკური უნ–ტი
260 ## - PUBLICATION, DISTRIBUTION, ETC.
Date of publication, distribution, etc. 2013
300 ## - PHYSICAL DESCRIPTION
Extent 72გვ.ნახ.ცხრ.28სმ.
300 ## - PHYSICAL DESCRIPTION
Dimensions დანართები გვ.51-69
300 ## - PHYSICAL DESCRIPTION
Accompanying material ბიბლიოგრ. გვ.70
653 ## - INDEX TERM--UNCONTROLLED
Uncontrolled term სამშენებლო კონსტრუქციები;წამწის გაანგარიშება
653 ## - INDEX TERM--UNCONTROLLED
Uncontrolled term ხე–ლითონის უირიბნო სამკუთხა წამწის გაანგარიშება და კონსტრუირება:
942 ## - ADDED ENTRY ELEMENTS (KOHA)
Koha item type წიგნი
ეგზემპლარები
Withdrawn status Lost status Damaged status Not for loan Date acquired Barcode Date last seen Price effective from Koha item type Public note
        2018-12-17 34544 2018-12-17 2018-12-17 წიგნი ილია ჭავჭავაძის ბიბლიოთეკა
        2018-12-17 34545 2018-12-17 2018-12-17 წიგნი საინჟინრო–ტექნ. ფაკულტეტის ბიბლ–ია
        2018-12-17 34546 2018-12-17 2018-12-17 წიგნი საინჟინრო–ტექნ. ფაკულტეტის ბიბლ–ია
        2018-12-17 34547 2018-12-17 2018-12-17 წიგნი საინჟინრო–ტექნ. ფაკულტეტის ბიბლ–ია
        2018-12-17 34548 2018-12-17 2018-12-17 წიგნი საინჟინრო–ტექნ. ფაკულტეტის ბიბლ–ია